MANUAL OF DERMATOLOGIC THERAPEUTICS (Record no. 8447)

MARC details
000 -LEADER
fixed length control field 00325nam a22001457a 4500
003 - CONTROL NUMBER IDENTIFIER
control field SGT
082 ## - DEWEY DECIMAL CLASSIFICATION NUMBER
Classification number 616.5, M14A
100 ## - MAIN ENTRY--PERSONAL NAME
Personal name ARNDT, KENNETH A.
245 ## - TITLE STATEMENT
Title MANUAL OF DERMATOLOGIC THERAPEUTICS
250 ## - EDITION STATEMENT
Edition statement 8TH
260 ## - PUBLICATION, DISTRIBUTION, ETC. (IMPRINT)
Place of publication, distribution, etc INDIA
Name of publisher, distributor, etc WOLTERS KLUWER
Year of Publication 2014
300 ## - PAGE DESCRIPTION
No. of Pages 460
650 ## - SUBJECT ADDED ENTRY--TOPICAL TERM
Topical term or geographic name as entry element DERMATOLOGY
942 ## - ADDED ENTRY ELEMENTS (KOHA)
Source of classification or shelving scheme Dewey Decimal Classification
Koha item type Books
942 ## - ADDED ENTRY ELEMENTS (KOHA)
-- 1
Holdings
Withdrawn status Lost status Source of classification or shelving scheme Damaged status Not for loan Collection code Home library Current library Shelving location Date acquired Vendor Name Cost, normal purchase price SGTU Bill Number Total Checkouts Full call number Accession No. (Barcode) Date last seen Date last borrowed Bill Date Koha item type
    Dewey Decimal Classification     MEDICAL SGT Medical Library SGT Medical Library Text Book 15/03/2016 AHUJA BOOK COMPANY 950.00 SGTU 5978 1 616.5, M14A FM7498 27/09/2023 27/09/2023 14/08/2015 Books
    Dewey Decimal Classification     MEDICAL SGT Medical Library SGT Medical Library Text Book 15/03/2016 AHUJA BOOK COMPANY 950.00 SGTU 5978   616.5, M14A FM7499 13/01/2020   14/08/2015 Books
    Dewey Decimal Classification     MEDICAL SGT Medical Library SGT Medical Library Text Book 15/03/2016 AHUJA BOOK COMPANY 950.00 SGTU 5978   616.5, M14A FM7500 15/03/2016   14/08/2015 Books